Rising tender prices (Record no. 117859)
[ view plain ]
| 000 -LEADER | |
|---|---|
| fixed length control field | 01155cam a2200229 4500 |
| 001 - CONTROL NUMBER | |
| control field | WB@3612-72 |
| 008 - FIXED-LENGTH DATA ELEMENTS--GENERAL INFORMATION | |
| fixed length control field | 040818n2004 000 0 eng u |
| 035 ## - SYSTEM CONTROL NUMBER | |
| System control number | (Sirsi) u127097 |
| 245 ## - TITLE STATEMENT | |
| Title | Rising tender prices |
| 260 ## - PUBLICATION, DISTRIBUTION, ETC. | |
| Date of publication, distribution, etc. | 2004 |
| 490 ## - SERIES STATEMENT | |
| Series statement | RICS News ServiceV13 August 2004 (1) |
| 520 ## - SUMMARY, ETC. | |
| Summary, etc. | Tender prices for construction work are expected to rise significantly faster than inflation over the next five years, according to the latest "BCIS five year forecast". They are expected to rise by over one and a half times the rate of inflation over the next five years, rising by 21% against a background of 13% general inflation. Public investment is expected to be the main stimulus for growth over the next five years, with the private sector providing increased support in the later years of the forecast. http://www.rics.org/ricscms/bin/show?class=News&te mplate=/includes/shownews.html&id=9684&faculty=RIC S |
| 590 ## - LOCAL NOTE (RLIN) | |
| Local note | WB |
| 590 ## - LOCAL NOTE (RLIN) | |
| Local note | WB |
| 650 ## - SUBJECT ADDED ENTRY--TOPICAL TERM | |
| Topical term or geographic name entry element | TENDER PRICES |
| 650 ## - SUBJECT ADDED ENTRY--TOPICAL TERM | |
| Topical term or geographic name entry element | TENDER INDICES |
| 650 ## - SUBJECT ADDED ENTRY--TOPICAL TERM | |
| Topical term or geographic name entry element | TENDER FORECASTS |
| 650 ## - SUBJECT ADDED ENTRY--TOPICAL TERM | |
| Topical term or geographic name entry element | BCIS |
| 650 ## - SUBJECT ADDED ENTRY--TOPICAL TERM | |
| Topical term or geographic name entry element | INFLATION |
| 690 ## - LOCAL SUBJECT ADDED ENTRY--TOPICAL TERM (OCLC, RLIN) | |
| Topical term or geographic name as entry element | BUILDING AND CONSTRUCTION-MARKET |
| 942 ## - ADDED ENTRY ELEMENTS (KOHA) | |
| Suppress in OPAC | 0 |
| Withdrawn status | Lost status | Source of classification or shelving scheme | Damaged status | Not for loan | Home library | Current library | Shelving location | Date acquired | Total Checkouts | Full call number | Barcode | Date last seen | Copy number | Price effective from | Koha item type |
|---|---|---|---|---|---|---|---|---|---|---|---|---|---|---|---|
| Dewey Decimal Classification | London | London | News article | 18/08/2004 | WB4032-03 | 127097-1001 | 06/08/2019 | 1 | 06/08/2019 | News article |